00488nam a2200169Ia 450000500170000000800460001703700120006304000200007504100130009508400170010824500370012526000090016230000090017194200170018099900210019795201000021820250508161605.0008 250505s9999 xx 000 0 hin d aTextual aFEDLbengcFEDL ahin2eng aB, NEHqFEDL 0aNehru : Radhakrishanan ke vichar c1965 a38p. cTEXLhB, NEH c1370961d1370961 00104070aFEDLbFEDLd2025-05-08l0oB, NEHpEL0058495r2025-05-08 16:16:05w2025-05-08yTEXL